| 000 | 00535nam a2200169 a 4500 | ||
|---|---|---|---|
| 001 | 3169 | ||
| 005 | 20140414131928.0 | ||
| 008 | 060202s19uu xx 00 eng d | ||
| 020 | _a971-518-034-5 | ||
| 050 |
_aFIL _bG16 2002 |
||
| 100 | _aGarcia, Annette | ||
| 245 |
_aI want my yaya! : _b(Nasaan ang yaya ko?) / _cStory by Annette Flores Garcia ; illustrations by Isa Nazareno. |
||
| 260 |
_bLampara Pub. House, _c2002. _aManila, Philippines : |
||
| 300 | _a1 v. p. : ill. ; cm. | ||
| 650 |
_aBabysitters _xFiction. |
||
| 999 |
_c112154 _d112154 |
||